| LEADER 00000nam 2200000uu 4500 |
| 001 213937 |
| 003 ULIBM |
| 008 230907s||||||||th 000 0 tha d |
| 020 ^a978-616-586-721-4
|
| 040 ^abcnkk
|
| 041 ^atha
|
| 050 4 ^aPE1128.A2^bช552จ 2564
|
| 100 0 ^aชไมภัค เตชัสอนันต์
|
| 245 10 ^aจิตวิทยาการเรียนการสอนภาษาอังกฤษ =^bPsychology for englishlanguage learners and teachers /^cชไมภัค เตชัสอนันต์
|
| 246 31 ^aPsychology for english language learners and teachers
|
| 250 ^aพิมพ์ครั้งที่ 1
|
| 260 ^aกรุงเทพฯ :^bภาควิชาภาษาศาสตร์ คณะมนุษยศาสตร์มหาวิทยาลัยเกษตรศาสตร์,^c2564
|
| 300 ^a275 หน้า :^bภาพประกอบ ;^c26 ซม.
|
| 650 4 ^aภาษาอังกฤษ^xการศึกษาและการสอน
|
| 710 2 ^aมหาวิทยาลัยเกษตรศาสตร์.^bคณะมนุษยศาสตร์.^bภาควิชาภาษาศาสตร์
|
| 999 ^aใช้งานได้ทุกระบบ
|